Základy křesťanského života /

Hlavní autor: Prince, Derek, 1915-2003
Korporativní autor: Kontakt.cz (firma)
Jazyk: Čeština
Vydáno: Doubek : Postilla, 2006
Vydání: 1. české vyd.
Témata:
Fyzický popis: 416 s. ; 21 cm
Knihy
Uloženo v:
LEADER 01719nam a2200517 a 4500
001 nkc20061692784
003 CZ PrNK
005 20061221112252.0
007 ta
008 061012s2006 xr e 001 0 cze
015 |a cnb001692784 
020 |a 80-86442-37-3  |q (brož.) 
035 |a (OCoLC)85721153 
040 |a OLA001  |b cze  |d BOA001  |d ABA001 
041 1 |a cze  |h eng 
072 7 |a 27  |x Křesťanství. Křesťanská církev všeobecně. Eklesiologie  |2 Konspekt  |9 5 
080 |a 27-184.3  |2 MRF 
080 |a 27-4  |2 MRF 
080 |a 27-277.2  |2 MRF 
080 |a 27-277  |2 MRF 
080 |a (049)  |2 MRF 
100 1 |a Prince, Derek,  |d 1915-2003  |7 jo2004232823  |4 aut 
245 1 0 |a Základy křesťanského života /  |c Derek Prince 
250 |a 1. české vyd. 
260 |a Doubek :  |b Postilla,  |c 2006 
300 |a 416 s. ;  |c 21 cm 
500 |a Přeloženo z angličtiny 
500 |a Obsahuje rejstřík 
550 |a Vydavatel: Kontakt cz 
650 0 7 |a křesťanská víra  |7 ph122113  |2 czenas 
650 0 7 |a křesťanský život  |7 ph122132  |2 czenas 
650 0 7 |a biblické citáty  |7 ph118853  |2 czenas 
650 0 7 |a biblická interpretace  |7 ph118847  |2 czenas 
650 0 9 |a Christian faith  |2 eczenas 
650 0 9 |a Christian life  |2 eczenas 
650 0 9 |a Biblical quotations  |2 eczenas 
650 0 9 |a Biblical interpretation  |2 eczenas 
655 7 |a pojednání  |7 fd133056  |2 czenas 
655 9 |a essays  |2 eczenas 
710 2 |a Kontakt.cz (firma)  |7 kn20061108021 
765 0 |t Foundations for Christian living  |9 Česky 
910 2 |a BOA001  |b 2-1175.510 
990 |a BK 
995 |a 01 
991 |b 200610  |c NOV 
996 6 |b 2610291715  |c 2-1175.510  |l MZK  |r Sklad / do 1 hodiny  |n 6  |p p.v.  |w 000828636  |u 000010  |a 1  |e BOA001  |j MZK50  |s P